| 000 | 02202nam0a2200409 4500 | ||
|---|---|---|---|
| 001 | RU\NLR\BIBL_A\011600009 | ||
| 005 | 20241102211616.0 | ||
| 010 |
_a9785171024147 _92000 |
||
| 021 |
_aRU _b2017-97596 _97018 |
||
| 035 | _a(RuMoRGB)009493629 | ||
| 035 | _a(NLR Aleph) 011600009 | ||
| 090 |
_a10883349 _c10883349 |
||
| 100 | _a20180123d2018 u y0rusy50 ca | ||
| 101 | 0 | _arus | |
| 102 | _aRU | ||
| 105 | _aac||z|||001zy | ||
| 200 | 1 |
_aМюзиклы _eзнаменитые и легендарные _e[сборник] _fОГИЗ |
|
| 210 |
_aМосква _cАСТ _d2018 [т.е. 2017] |
||
| 215 |
_a335 с., [8] л. ил., портр. _d24 |
||
| 300 | _aВ вып. дан. авт.: Ханиш Михаэль, Краснова Гарена Викторовна | ||
| 300 | _aКн. фактически изд. в 2017 г. | ||
| 320 | _aБиблиогр. в подстроч. примеч. | ||
| 320 | _aУказ. имен: с. 308-324 | ||
| 320 | _aУказ. фильмов: с. 325-333 | ||
| 327 | 1 | _aСодерж.: О песнях под дождем / Михаэль Ханиш. Шоу продолжается / Гарена Краснова | |
| 464 | 0 |
_12001#$aО песнях под дождем$fМихаэль Ханиш _1700#1$aХаниш$bМ.$gМихаэль _tО песнях под дождем _aХаниш, Михаэль |
|
| 464 | 0 |
_12001#$aШоу продолжается$gГарена Краснова _1700#1$aКраснова$bГ. В.$cканд. искусствоведения$gГарена Викторовна$3RU\NLR\AUTH\770162166 _tШоу продолжается _aКраснова, Гарена Викторовна (канд. искусствоведения) |
|
| 606 |
_aМюзикл _jСборники _91705872 _3RU\NLR\AUTH\66759797 |
||
| 686 |
_aЩ317.493(0)6я9 _2rubbk |
||
| 686 |
_aЩ335.493(0)6я9 _2rubbk |
||
| 686 | 1 | _aЩ335.49я43 | |
| 712 | 0 | 2 |
_4570 _a"Издательство АСТ", общество с ограниченной ответственностью _bРедакция "ОГИЗ" _cМосква _9586941 _3RU\NLR\AUTH\880462155 |
| 942 | _cBOOK | ||
| 980 | _aNBR | ||